Страны по Спутниковому Снимку #3 - Statistics

General Stats
  • This quiz has been taken 497 times
  • The average score is 10 of 16
Answer Stats
Picture Answer % Correct
Соединённые Штаты Америки
93%
Турция
88%
Новая Зеландия
87%
Филиппины
81%
Ирландия
78%
Сомали
78%
Казахстан
71%
Катар
65%
Монако
63%
Хорватия
54%
Ямайка
49%
Гаити
47%
Колумбия
42%
Пакистан
36%
Уругвай
28%
Джибути
19%
No matching quizzes found
Score Distribution
Percent of People with Each Score
Percentile by Number Answered
Your Score History
You have not taken this quiz